000 00210nam a2200097Ia 4500
005 20251222114407.0
008 251222s1900||||xx |||||||||||||| ||spa||
082 _aDVD0070/M22/2004
245 0 _aOlga:
942 _cDVD
999 _c1875
_d1875